Online katalóg knižníc regiónu Turca

Hrdina našich čias (Record no. 20474)

MARC details
000 -LEADER
fixed length control field 01864cam a2200493 a 4500
001 - CONTROL NUMBER
control field 20474
003 - CONTROL NUMBER IDENTIFIER
control field VRT
005 - DATE AND TIME OF LATEST TRANSACTION
control field 20260122144922.0
008 - FIXED-LENGTH DATA ELEMENTS--GENERAL INFORMATION
fixed length control field 220512s1999 xo gr 0000f slo
015 ## - NATIONAL BIBLIOGRAPHY NUMBER
National bibliography number SNBA2004/03-02109
020 ## - INTERNATIONAL STANDARD BOOK NUMBER
International Standard Book Number 8088834570
035 ## - SYSTEM CONTROL NUMBER
System control number SNK000406359
035 ## - SYSTEM CONTROL NUMBER
System control number urn:nbn:sk:snk-am3iwje
035 ## - SYSTEM CONTROL NUMBER
System control number 398515B2-BB66-4500-B4FC-F30E7543AD36
035 ## - SYSTEM CONTROL NUMBER
System control number urn:nbn:sk:snk-am00g55m
039 #9 - LEVEL OF BIBLIOGRAPHIC CONTROL AND CODING DETAIL [OBSOLETE]
Level of rules in bibliographic description 202401190948
Level of effort used to assign nonsubject heading access points AUTHORITY
Level of effort used to assign subject headings 202207261527
Level of effort used to assign classification AUTHORITY
Level of effort used to assign subject headings 202207261455
Level of effort used to assign classification AUTHORITY
Level of effort used to assign subject headings 202205120806
Level of effort used to assign classification VLOAD
040 ## - CATALOGING SOURCE
Original cataloging agency SNK
Language of cataloging slo
Original cataloging agency SNK
Description conventions AACR2
041 1# - LANGUAGE CODE
Language code of text/sound track or separate title slo
Language code of original rus
044 ## - COUNTRY OF PUBLISHING/PRODUCING ENTITY CODE
MARC country code xo
ISO country code SK
072 #7 - SUBJECT CATEGORY CODE
Subject category code 821.161.1
Subject category code subdivision Ruská literatúra
Source konspekt
080 ## - UNIVERSAL DECIMAL CLASSIFICATION NUMBER
Universal Decimal Classification number 821.161.1-31
Edition identifier 2011
080 ## - UNIVERSAL DECIMAL CLASSIFICATION NUMBER
Universal Decimal Classification number (0:82-311.1)
Edition identifier 2011
100 1# - MAIN ENTRY--PERSONAL NAME
Personal name Lermontov, Michail Jurievič,
Dates associated with a name 1814-1841
Relationship aut
245 10 - TITLE STATEMENT
Title Hrdina našich čias
Remainder of title 1839
Statement of responsibility, etc. Michail Jurievič Lermontov ; preložila: Zora Jesenská
260 ## - PUBLICATION, DISTRIBUTION, ETC.
Place of publication, distribution, etc. Rohovce
Name of publisher, distributor, etc. Interpopulart Slovakia
Date of publication, distribution, etc. [1999]
300 ## - PHYSICAL DESCRIPTION
Extent 113 strán
Dimensions 22 cm
490 1# - SERIES STATEMENT
Series statement Populart. Ruská romantická literatúra
490 1# - SERIES STATEMENT
Series statement Študentská knižnica
Volume/sequential designation 58
655 #7 - INDEX TERM--GENRE/FORM
Genre/form data or focus term ruské romány
Source of term SNKPH
655 #7 - INDEX TERM--GENRE/FORM
Genre/form data or focus term psychologické romány
Source of term SNKPH
655 #7 - INDEX TERM--GENRE/FORM
Genre/form data or focus term Russian fiction
Source of term SNKPHeng
655 #7 - INDEX TERM--GENRE/FORM
Genre/form data or focus term Psychological novels
Source of term SNKPHeng
700 1# - ADDED ENTRY--PERSONAL NAME
Personal name Jesenská, Zora,
Dates associated with a name 1909-1972
Relationship trl
830 #0 - SERIES ADDED ENTRY--UNIFORM TITLE
Uniform title Populart
Name of part/section of a work Ruská romantická literatúra
830 #0 - SERIES ADDED ENTRY--UNIFORM TITLE
Uniform title Študentská knižnica
910 ## - USER-OPTION DATA (OCLC)
User-option data snk
942 ## - ADDED ENTRY ELEMENTS (KOHA)
Source of classification or shelving scheme Dewey Decimal Classification
Koha item type Krásna literatúra pre dospelých
Suppress in OPAC No
949 ## - LOCAL PROCESSING INFORMATION (OCLC)
6 4710700303
a strmkB
b strmk2008/303
949 ## - LOCAL PROCESSING INFORMATION (OCLC)
6 270001000053313
a svkbbA 94669
b svkbbm 612569
949 ## - LOCAL PROCESSING INFORMATION (OCLC)
6 270001000066134
a svkbbA 94669
b svkbbm 613237
949 ## - LOCAL PROCESSING INFORMATION (OCLC)
6 270001000066135
a svkbbA 94669-a
p 612.570
949 ## - LOCAL PROCESSING INFORMATION (OCLC)
6 17A0378272
9 P60, <03>, [BOOK], {603}
a snkSC 111127
b snkKSP 4120/2003
s 6100:20210419
949 ## - LOCAL PROCESSING INFORMATION (OCLC)
6 3830001112442
a kurukT13/LERM1-5
b kuruk2016/F5564
o D2016/študentka SJ/október 2014
Holdings
Stav vyradenia Strata Poškodenie Spôsob nadobudnutia Domovská knižnica Aktuálna knižnica Dátum nadobudnutia Total checkouts Čiarový kód exemplára Date last seen Typ exemplára
      Dar Obecná knižnica Horná Štubňa Obecná knižnica Horná Štubňa 22.01.2026   8088834570 22.01.2026 Krásna literatúra pre dospelých
Projekt je podporený Slovenskou asociáciou knižníc
Prevádzkuje Turčianska knižnica Martin 2026